000 00263nam a2200109Ia 4500
008 240625s9999 xx 000 0 und d
041 _aeng
082 _a808.20 AGA
100 _aAGARWAL ARJIT
245 _aSTUDY CYCLE TIME OF GEAR BOX ASSEMBLY AT
260 _c2013
999 _c37001
_d37001